• 首页
  • 本馆介绍
  • 公告通知
  • 最新文献
  • 馆藏检索
  • 电子资源
  • 读者导购
  • 参考咨询
  • 我的图书馆
  • 登录
  • 详细信息显示
  • 放入我的书架
  • 预约/预借图书
  • 作者相关作品
  • 分类相关作品
  • 丛书相关作品
  • 出版社相关作品

书目信息

  • 表格格式
  • 工作单格式
  • 卡片格式
题名:
静香的花道生活
    
 
作者: 静香 著
分册:  
出版信息: 北京   化学工业出版社  2020.11
页数: 135页
开本: 26cm
丛书名: 我的生活美学
单 册:
中图分类: J525.12
科图分类:
主题词: 插花--装饰美术
电子资源:
ISBN: 978-7-122-24693-6
000 01267nam 2200301 45
001 012001000863
005 20130909172927.0
010    @a978-7-122-24693-6@dCNY58.00
099    @aCAL 012015120520
100    @a20151010d2015 em y0chiy0110 ea
101 0  @achi
102    @aCN@b110000
105    @aa a 000yy
106    @ar
200 1  @a静香的花道生活@Ajing xiang de hua dao sheng huo@e日式小原流花道技艺入门@f静香著
210    @a北京@c化学工业出版社@d2020.11
215    @a135页@c图@d26cm
225 2  @a我的生活美学@Awo de sheng huo mei xue
300    @a其他题名:日式小原流花道技艺入门
320    @a有书目 (第135页)
330    @a花道起源于中国, 而今在日本发扬光大。小原流花道是日本花道中流传最广, 技法简单, 最亲民, 最适合应用在日常生活中流派。本书教授日本小原流花道的技法和在生活中的应用。内容包括小原流花道的起源、历史、学习花道的意义, 鲜花购买、养护、人花内在交流, 以及插花工具介绍和人气花材知识。并配合50多个精彩案例, 分为基础案例和应用案例两部分, 案例配有详细的制作过程、设计构思, 以及在生活中的应用场合介绍。
461  0 @12001 @a我的生活美学
517 1  @a日式小原流花道技艺入门
606 0  @a插花@x装饰美术
690    @aJ525.12@v5
701  0 @a静香@Ajing xiang@4著
801    @aCN@b江苏凤凰@c20211018
905    @b1341324-7@dJ525.12@e574@f4
    
    静香的花道生活:日式小原流花道技艺入门/静香著.-北京:化学工业出版社,2020.11
    135页:图;26cm.-(我的生活美学)
    其他题名:日式小原流花道技艺入门
    
    ISBN 978-7-122-24693-6:CNY58.00
    花道起源于中国, 而今在日本发扬光大。小原流花道是日本花道中流传最广, 技法简单, 最亲民, 最适合应用在日常生活中流派。本书教授日本小原流花道的技法和在生活中的应用。内容包括小原流花道的起源、历史、学习花道的意义, 鲜花购买、养护、人花内在交流, 以及插花工具介绍和人气花材知识。并配合50多个精彩案例, 分为基础案例和应用案例两部分, 案例配有详细的制作过程、设计构思, 以及在生活中的应用场合介绍。
●
相关链接 在E读中查询图书 在五车中查询图书 在当当中查询图书 在豆瓣中查询图书


正题名:静香的花道生活     索取号:J525.12/574         预约/预借

序号 登录号 条形码 馆藏地/架位号 状态 备注
1 1341324   213413242   第一样本阅览室/ [索取号:J525.12/574] 在馆    
2 1341325   213413251   第一借阅区/ [索取号:J525.12/574] 在馆    
3 1341326   213413260   第一借阅区/ [索取号:J525.12/574] 在馆    
4 1341327   213413279   第一借阅区/ [索取号:J525.12/574] 在馆    
唐山师范学院图书馆 欢迎您!
大连网信软件有限公司© 版权所有